Music Quiz

Random Music or Song Quiz
Score 0/28 Timer 08:00
0 Plays Today
% Correct
Dani California
97.1%
Hey
85.5%
Stadium Arcadium
77.8%
Wet Sand
74.9%
She's Only 18
74.4%
Desecration Smile
73.9%
Charlie
73.4%
Hump de Bump
69.1%
Storm In A Teacup
68.6%
Snow (Hey Oh)
68.1%
If
67.6%
Death Of A Martian
67.1%
Slow Cheetah
66.7%
Tell Me Baby
65.7%
% Correct
Especially In Michigan
64.7%
Hard To Concentrate
64.7%
Torture Me
60.4%
21st Century
58.5%
Strip My Mind
58%
Readymade
58%
Make You Feel Better
57.5%
So Much I
57.5%
Warlocks
56%
She Looks To Me
55.6%
Turn It Again
53.1%
Animal Bar
52.2%
C'mon Girl
42.5%
We Believe
40.6%
Remove Ads.
Support Sporcle.
Get the best of Sporcle when you Go Orange. This ad-free experience offers more features, more stats, and more fun while also helping to support Sporcle. Thank you for becoming a member.

You're not logged in!

Compare scores with friends on all Sporcle quizzes.
OR
Log In

Show Comments

Extras

Top Quizzes Today


Score Distribution

Your Account Isn't Verified!

In order to create a playlist on Sporcle, you need to verify the email address you used during registration. Go to your Sporcle Settings to finish the process.

Report this User

Report this user for behavior that violates our Community Guidelines.

Details: